000 00790nam a22002537a 4500
001 43668
003 UA-OsUOA
005 20200728201346.0
007 ta
008 20070118b un ||||| |||| 00| 0 ukr d
020 _a9663510161
040 _aUA-OsUOA
_bukr
_cUA-OsUOA
_dUA-OsUOA
041 _aukr
080 _a81"271.161.2
090 _a81"271.161.2
_bК49
100 _aКлимова К. Я.
245 _aОснови культури і техніки мовлення
_bнавч. посіб.
260 _aК.
_bЛіра
_c2007
300 _a240 с.
650 7 _a8 Мовознавство. Художня література. Літературознавство
_2UDC
942 _cBK
_2udc
955 _a2
999 _c329789
_d329789